书目信息 |
| 题名: |
物态方程理论及计算概论
|
|
| 作者: | 汤文辉 , 张若棋 编著 | |
| 分册: | ||
| 出版信息: | 长沙 国防科技大学出版社 1999.11 |
|
| 页数: | 337页 | |
| 开本: | 32开 | |
| 丛书名: | ||
| 单 册: | ||
| 中图分类: | O414.12 | |
| 科图分类: | ||
| 主题词: | 理论物理学 | |
| 电子资源: | ||
| ISBN: | 7-81024-566-X | |
| 000 | 00632nam0 2200205 45 | |
| 001 | 0012261746 | |
| 005 | 20001226170740.9 | |
| 010 | @a7-81024-566-X@d20.00元 | |
| 100 | @a20001226d1999 km y0chiy0120 ea | |
| 101 | 0 | @achi |
| 105 | @a z 000yy | |
| 200 | 1 | @a物态方程理论及计算概论@AWu Tai Fang Cheng Li Lun Ji Ji Suan Gai Lun@f汤文辉,张若棋编著@FTang Wen Hui,Zhang Ruo Qi Bian Zhu |
| 210 | @a长沙@c国防科技大学出版社@d1999.11 | |
| 215 | @a337页@d32开 | |
| 606 | 0 | @a理论物理学 |
| 690 | @aO414.12@v3 | |
| 701 | 0 | @a汤文辉@4编著 |
| 701 | 0 | @a张若棋@4编著 |
| 801 | @aCN@bPftUser@c20001226 | |
| 905 | @b315443-447@dO414.12@eT333@f5 | |
| 物态方程理论及计算概论/汤文辉,张若棋编著.-长沙:国防科技大学出版社,1999.11 |
| 337页;32开 |
| ISBN 7-81024-566-X:20.00元 |
| ● |
| 相关链接 |
|
|
|
正题名:物态方程理论及计算概论
索取号:O414.12/T333
 
预约/预借
| 序号 | 登录号 | 条形码 | 馆藏地/架位号 | 状态 | 备注 |
| 1 | 315443 | 203154433 | 期刊室512/401自科库 87排1列5层/ [索取号:O414.12/T333] | 在馆 | |
| 2 | 315444 | 203154442 | 自科库401/401自科库 87排1列5层/ [索取号:O414.12/T333] | 在馆 | |
| 3 | 315445 | 203154451 | 期刊室512/401自科库 87排1列5层/ [索取号:O414.12/T333] | 在馆 | |
| 4 | 315446 | 203154460 | 自科库401/401自科库 87排1列5层/ [索取号:O414.12/T333] | 在馆 | |
| 5 | 315447 | 203154479 | 期刊室512/401自科库 87排1列5层/ [索取号:O414.12/T333] | 在馆 |